| 000 | 006940000a22001930004500 | ||
|---|---|---|---|
| 010 | _a2004015309 | ||
| 020 | _a0803729278 | ||
| 100 | _aEschbacher, Roger. | ||
| 245 | _aRoad trip! | ||
| 260 |
_aNew York _bDial Books for Young Readers _c8/2/2007 |
||
| 300 | _a1 v. (unpaged) : ill. ; 23 cm. | ||
| 500 | _aA family piles into their car to head for a family reunion, embarking on a road trip that includes songs, games, food, roadside attractions, and restful motels. | ||
| 590 | _b41338 | ||
| 650 | _aAutomobile travel -- Fiction. | ||
| 650 | _aFamily reunions -- Fiction. | ||
| 650 | _aFamily life -- Fiction. | ||
| 650 | _aStories in rhyme. | ||
| 852 | _oE ESC | ||
| 999 |
_c33544 _d33544 |
||